[Event "Asia Chess Cup"]
[Site "Abu Dhabi"]
[Date "2016.03.30"]
[Round "3.1"]
[White "Jumabayev, Rinat"]
[Black "Adhiban, Baskaran"]
[Result "1/2-1/2"]
[WhiteElo "2607"]
[BlackElo "2663"]
[Annotator "Adhiban,B"]
[PlyCount "112"]
[EventDate "2016.03.28"]
[EventType "team-swiss"]
[EventRounds "9"]
[EventCountry "UAE"]
[SourceTitle "CBM 172"]
[Source "ChessBase"]
[SourceDate "2016.05.12"]
[SourceVersion "1"]
[SourceVersionDate "2016.05.12"]
[SourceQuality "1"]
[WhiteTeam "Kazakhstan"]
[BlackTeam "India"]
[WhiteTeamCountry "KAZ"]
[BlackTeamCountry "IND"]

1. d4 d5 2. c4 c6 3. Nf3 Nf6 4. e3 Bg4 $5 {Team events call for solidity!} 5.
h3 Bh5 6. Nc3 e6 7. Qb3 Qb6 8. Ne5 (8. Nh4 {is the other knight move which is
also popular.}) 8... Nbd7 9. g4 Bg6 10. Nxg6 hxg6 11. Bg2 g5 {Fixing the pawn
structure on the kingside.} 12. Bd2 Be7 13. O-O-O Qxb3 14. axb3 O-O-O {It felt
like I had equalised... at least until I saw White's move!} 15. e4 $5 {My
opponent seemed to read my mind and in a way he was saying, "Not so fast"!}
Nxe4 16. Nxe4 dxe4 17. Bxe4 e5 {looked logical to challenge the pawn structure
though an expert in this line would say I was far too provocative with this
strategy!} (17... Nf6 18. Bg2 Rxd4 19. Bxg5 Bc5 {Black managed to hold in 
(Ostenstad-Roiz 2014)}) 18. Ba5 $5 (18. d5 Nc5 {looked fine for Black.}) 18...
b6 19. Bc3 exd4 ({May the Almighty forgive me for missing} 19... Kc7 $5 20.
dxe5 (20. d5 Nc5 21. Bxe5+ Bd6 22. Bxd6+ Rxd6 23. Bg2 Rf6 24. b4 Rxf2 $11)
20... Nc5 21. Bc2 a5 $44 {Now that is what I (looking at the comp evaluation:))
call compensation!}) 20. Bxd4 Bf6 21. Bxf6 gxf6 22. Bxc6 ({A more critical
move seemed to be} 22. Rd6 $5 c5 23. Rc6+ Kb8 24. Bf5 {I was quite concerned
about this position.} Ne5 25. Rxf6 $14) 22... Nc5 23. Rxd8+ Rxd8 24. Kc2 Nd3
25. Kc3 Nf4 (25... Nxf2 $5 {You have to be greedy!} 26. Rf1 (26. Rh2 Nd1+)
26... Nd1+ 27. Kb4 Nxb2 28. Rxf6 Rd3 29. Bd5 Rxh3 30. Rxf7 Nd3+ 31. Kb5 Ne5 32.
Rxa7 Rxb3+ 33. Ka4 Rb1 {White has way too little material to do anything.}) 26.
Be4 $1 {Now White is in clear command!} Ne2+ (26... Rh8 27. b4 Rxh3+ 28. Rxh3
Nxh3 29. f3 {looks quite nasty for Black.}) 27. Kb4 a5+ 28. Kb5 (28. Ka3 Rd4 $1
{The bishop was quite annoying on e4.} (28... Rd2 29. h4 gxh4 30. Rxh4 $16) 29.
Bd5 Rd3 {[%csl Rb3][%cal Ge2d4] The point of kicking the bishop away from e4.})
28... Kc7 29. Bd5 Nd4+ $6 {Aiming for a rook endgame.} (29... Nf4 30. Rd1 Nxh3
31. Rd2 {I wasn't sure about this but after} Nf4 {Black can defend this
successfully.}) 30. Ka4 Re8 31. b4 (31. Rd1 $1 Nc6 32. Bxc6 Kxc6 {I assumed
this was holdable but after the game my opponent suggested} 33. Rd3 $1 $16 {
[%cal Gd3f3] and the rook protects everything with a very difficult endgame
for Black.}) 31... Re2 {Now Black is in time to generate counterplay.} 32. Rd1
(32. bxa5 Rxb2 33. Ka3 $1 {A very important nuance.} (33. axb6+ Kxb6 {The
threat of ...Nc2 allows Black sufficient counterplay.}) (33. a6 Nc2 {[%csl Rb4]
with a funny turnover!}) 33... Rb3+ 34. Ka2 Rb4 35. axb6+ Kxb6 36. h4 gxh4 37.
Rxh4 {White keeps an extra pawn and good practical winning chances.}) 32... Ne6
$1 33. Rb1 (33. Bxe6 fxe6 34. bxa5 Rxb2 35. axb6+ Kxb6 36. Rd6+ Kc5 37. Rxe6
Rxf2 {with a draw.}) (33. b3 Ra2+ 34. Kb5 axb4 35. Kxb4 Nc5 $11) (33. bxa5 bxa5
34. Kxa5 Rxb2 $11) 33... axb4 34. Kxb4 Rxf2 35. b3 Nc5 36. Kb5 f5 $1 {Just in
time!} (36... Ra2 {was my first intention but after} 37. b4 Na4 38. Rb3 $1 {
the knight is just stuck and White is clearly winning.} (38. Rc1 $2 Ra3 $1 39.
c5 Nc3+ {winning the exchange.} 40. Kc4 b5+ $19)) 37. gxf5 (37. b4 Ne4 38. Bxe4
fxe4 39. Ra1 e3 {Suddenly Black's single pawn turns out to be a formidable
opponent for White's queenside pawns.} 40. Ra7+ Kd6 41. c5+ (41. Kxb6 e2 $19)
41... bxc5 42. bxc5+ Ke6 $11) 37... Rxf5 38. Ra1 (38. b4 Ne4 $11 {[%cal Ge4c3,
Ge4f6]}) 38... Nxb3 39. Ra7+ Kd6 40. Kxb6 Nc5 $1 {The easiest... giving up a
pawn to create a barrier/fortress.} 41. Rxf7 Rxf7 42. Bxf7 {The knight has
just too many squares to move to.} Nd7+ 43. Kb5 Nc5 44. Bg6 Ne6 45. Kb6 Nc5 46.
Bf5 Nb3 47. Bg4 Nc5 48. Kb5 Ne4 49. Kb4 Nc5 50. Bc8 Ne4 51. Kb5 Nc5 52. Bg4 Ne4
53. Kb4 Nc5 54. Kc3 Ke5 55. Bc8 Ne4+ 56. Kb4 (56. Kd3 Nc5+ 57. Ke3 Na4 $11)
56... Kd6 {Fortunately for me, my team won on the remaining boards and we won
with a huge margin of 3.5/0.5.} 1/2-1/2

[Event "TUR-chT"]
[Site "Kocaeli"]
[Date "2008.06.25"]
[Round "4"]
[White "Atalik, Suat"]
[Black "Mamedov, Rauf"]
[Result "1/2-1/2"]
[WhiteElo "2592"]
[BlackElo "2617"]
[Annotator "Atalik,S"]
[PlyCount "77"]
[EventDate "2008.06.24"]
[EventType "team"]
[EventRounds "15"]
[EventCountry "TUR"]
[SourceTitle "CBM 125"]
[Source "ChessBase"]
[SourceDate "2008.07.30"]
[SourceVersion "1"]
[SourceVersionDate "2008.07.30"]
[SourceQuality "1"]

1. d4 d5 2. c4 c6 3. e3 $5 {I have started to play this in an improvised
fashion.} Nf6 4. Nf3 $5 {I am not so fond of this slow system.} Bg4 5. h3 Bxf3
6. Qxf3 e6 7. Bd3 Nbd7 8. Nc3 Bb4 9. Bd2 O-O 10. a3 Ba5 11. cxd5 exd5 $5 (11...
cxd5 {is the common move.} 12. b4 (12. O-O e5 13. Qf5 Re8 $132) 12... Bc7 13.
O-O Nb6 14. e4 $1 $13) 12. b4 Bc7 (12... Bb6 $5 13. O-O Re8 14. Rfe1 $1 $36)
13. O-O ({Why not} 13. b5 $142 Ba5 14. bxc6 bxc6 15. O-O Rb8 16. Rfb1 $16)
13... Re8 14. Qd1 Nf8 $6 {The knight might have been better placed in the
queenside.} (14... Ne4 15. Nxe4 dxe4 16. Bc4 Nb6 17. Bb3 Qd6 18. f4 $13) (14...
Nb6 15. b5 Qd6 16. g3 Nc4 17. bxc6 Qxc6 $13) 15. f4 $5 {A new concept.} Qd6 16.
Qc2 N8d7 17. Rac1 Bb6 18. Na4 Ne4 19. Nc5 Bxc5 $2 (19... Nxd2 20. Qxd2 Qe7 21.
Nxd7 Qxd7 22. a4 $11) 20. bxc5 Qc7 21. Be1 f5 {Draw offeedr.} 22. a4 Ndf6 23.
a5 Kh8 (23... a6 {To stop the pawn is another idea.} 24. Rb1 Rab8 25. Rb6 Nd7
26. Rb3 Ndf6 27. Qb2 Kh8 28. Bh4 $40) 24. a6 bxa6 25. Ra1 $1 {From here on I
should have ground him down.} Qb7 26. Bh4 (26. Rxa6 Reb8 27. Bh4 $16) 26...
Rab8 27. Rfb1 $6 (27. Rxa6 Qc7 28. Qa4 $18) 27... Qc7 28. Rxb8 Rxb8 29. Bxf6 $2
{Why part with the bishops?} (29. Rxa6 Qb7 30. Qa2 Nc3 31. Qa1 $18) 29... gxf6
30. Bxe4 (30. Rxa6 Qb7 31. Qa4 Qb2 $1 (31... Qb3 $2 32. Qxb3 Rxb3 33. Bxe4 fxe4
34. Rxc6 Rxe3 35. Rxf6 Rd3 36. Rf7 $18) 32. Bxe4 fxe4 33. Qxc6 Rg8 34. Qxf6+
Rg7 $11 {and White can not escape the perpetual.}) 30... fxe4 31. Rxa6 Qb7 32.
Ra1 (32. Ra2 $142 Qb4 33. Kf2 a5 $11 {is more or less equal.}) 32... Qb4 33.
Kf2 a5 34. Ra2 Kg7 35. Qe2 Kh8 $5 (35... Qb1 36. Kg3 $5 Qd3 37. Qg4+ Kh8 38.
Qf5 Qxe3+ 39. Kh2 $40) 36. Qa6 Qb1 37. Qxa5 Rg8 38. Qa6 $8 {The only square
from which to reach f1.} f5 $1 {Actually I like this move. There is no rush to
send the queen to the h-line.} (38... Qh1 39. Qf1 Qh2 40. Qg1 (40. Ke1 Rb8 41.
Kd2 Qg3 42. Qg1 Rb3 43. Ke2 h5 44. Qf2 h4 $11) 40... Qg3+ 41. Kf1 Rb8 42. Ke2
Rg8 43. Ra6 Rb8 44. Rb6 Ra8 45. Rb2 Ra1 46. Qf2 Qh2 47. Kd2 h5 48. Qe2 Kg7 49.
Qxh5 Qxg2+ 50. Kc3 Ra3+ 51. Rb3 Rxb3+ 52. Kxb3 Qf2 $11) 39. Qe2 {White has to
lose a tempo and with his pieces on the first two ranks he can hardly play for
a win. I offered a draw which was accepted.} (39. Qe2 Qh1 40. Qf1 Qh2 41. Qg1 (
41. Ke1 Rb8 42. Kd2 Qg3 43. Qg1 Rb3 44. Ke2 h5 45. Qf2 h4 $11) 41... Qg3+ 42.
Kf1 Rb8 43. Ke2 Rg8 (43... h5 44. Qf2 Qh2 (44... h4 $11) 45. Kd2 Qh1 46. Qe2
Kg7 47. Qxh5 Qxg2+ 48. Kc3 Qxa2 49. Qg5+ $11) 44. Ra6 (44. Kd1 $2 Qxh3) 44...
Rb8 45. Rb6 Ra8 46. Rb2 h5 (46... Ra1 $6 47. Qf2 Qg8 48. g4 $1 fxg4 49. Qh4 Qc8
50. Kd2 $40) 47. Qf2 h4 $11) 1/2-1/2

[Event "BIH-chT 2nd"]
[Site "Jahorina"]
[Date "2003.06.24"]
[Round "5"]
[White "Ilincic, Zlatko"]
[Black "Atalik, Suat"]
[Result "1-0"]
[WhiteElo "2557"]
[BlackElo "2568"]
[Annotator "Atalik,S"]
[PlyCount "137"]
[EventDate "2003.06.21"]
[EventType "team-tourn"]
[EventRounds "9"]
[EventCountry "BIH"]
[SourceTitle "CBM 094 Extra"]
[Source "ChessBase"]
[SourceDate "2003.07.09"]
[SourceVersion "2"]
[SourceVersionDate "2003.07.09"]
[SourceQuality "1"]
[WhiteTeam "Banja Luka"]
[BlackTeam "Sarajevo Napredak"]
[WhiteTeamCountry "BIH"]
[BlackTeamCountry "BIH"]

1. d4 d5 2. c4 c6 3. Nf3 Nf6 4. e3 {Everybody plays this.Telling the truth I
find it very boring.} Bg4 $5 {Ivan and Movsy like this move.} 5. h3 Bh5 $1 6.
Qb3 ({Only after this I can exchage on f3.} 6. cxd5 Bxf3 7. Qxf3 cxd5 $11) (6.
Nc3 e6 7. g4 Bg6 8. Ne5 Nbd7 9. Nxg6 (9. h4 dxc4) 9... hxg6 $13) 6... Qb6 {
I was in between two lines.} (6... Qc7 7. g4 (7. cxd5 cxd5 8. Nc3 e6 9. Bd2 Nc6
10. Rc1 Bxf3 11. gxf3 a6 $11) 7... Bg6 8. Ne5 e6 9. Nc3 Bd6 10. Nxg6 hxg6 11.
Bg2 Nbd7 12. Bd2 $14) 7. Ne5 e6 8. Nc3 Nfd7 $5 {This seals white's g4 off.} (
8... Nbd7 {What was wrong with this one?} 9. g4 Bg6 10. Nxg6 hxg6 11. Bg2 $14)
9. Nd3 Bg6 $1 10. h4 $6 {A very strange move.} ({First of all white can not
sacrifice a pawn like this I assume.} 10. Nf4 $2 Qxb3 11. axb3 Bc2 12. c5 Bxb3
13. Ra3 Bc4 14. Bxc4 dxc4 15. Ra1 e5 16. Nfe2 Be7 17. Bd2 Na6 18. Ra4 O-O-O 19.
Rxc4 exd4 20. exd4 b5 21. cxb6 Nxb6 22. Rxc6+ Kb7 $17) (10. Bd2 Qxb3 11. axb3
Na6 12. Nf4 Nb4 13. Nxg6 hxg6 14. Kd1 Nf6 $13) (10. Be2 Qxb3 11. axb3 Na6 12.
O-O Nb4 $13) 10... h5 {Now my Bg6 is more secure than ever.} 11. Be2 Nf6 $1 {
Putting pieces back in the game.} 12. Bd2 Nbd7 13. O-O Rb8 $1 {I have to pull
my queen off.} 14. Rfc1 Qd8 15. f3 Bd6 (15... Be7 16. g3 {and now after} O-O
17. Be1 $11 ({or} 17. Kg2 $11 {an equal position occurs.})) 16. Be1 O-O 17. a4
({White did not like} 17. g3 b5 $1) 17... a5 18. Bf1 Re8 19. Bf2 Qc7 $5 {
The start of a weird plan.} ({Is not black simply better after} 19... Bc7 $15)
20. Ne2 ({Well} 20. cxd5 exd5 21. Nb5 $4 Qb6 $19) 20... dxc4 $6 {Opening the
game way too early!} (20... Qb6 21. Qd1 Qd8 $15 (21... dxc4 22. Rxc4 Qa6 23.
Rc3 Nd5 24. Rb3)) (20... Bf5 $2 21. c5) 21. Qxc4 e5 22. e4 $1 exd4 23. Qxd4 $1
{That is what I have missed now black's advantage is almost evaporated.} (23.
Bxd4 $2 Bxe4 $3 24. fxe4 Rxe4 $40 {and blacks attack is irresistable.}) (23.
Nxd4 Bg3 $1 24. Qc2 Bxf2+ 25. Qxf2 Rbd8 $15 {gives a very easy game for black.}
) 23... Ne5 24. Rd1 Rbd8 (24... Nxd3 25. Qxd3 $8 (25. Rxd3 $2 Rbd8) 25... Rbd8
26. Qb3 Nd7 $11) 25. Nxe5 Bxe5 26. Qb6 Nd7 (26... Bh2+ 27. Kh1 Nd7 28. Qb3 Be5
$11) 27. Qxc7 Bxc7 28. Bg3 $2 $138 {This move really looks ugly.Here I have
made a miscalculation.} Bb6+ $4 {I have played this too quick.} (28... Bxg3 29.
Nxg3 Nc5 30. Rxd8 Rxd8 31. Bc4 Rd2 32. b3 Rb2 33. Rd1 Nxb3 34. Rd8+ Kh7 35. f4
b5 $1 {I did not see this move in the game.} (35... Nd2 $2 36. Bd3 f6 37. f5
Bf7 38. e5 fxe5 39. f6+ e4 40. Nxe4 Nxe4 41. Bxe4+ g6 (41... Bg6 $4 42. f7 $18)
42. Rd7 Kg8 43. Rd8+ $11) 36. Bxb3 (36. axb5 $2 cxb5 37. Bxb5 Nc5 38. Bc6 Ne6
$19) 36... Rxb3 37. Kh2 Rxg3 38. Kxg3 Bxe4 $40 {I believe black's chances in
this position.}) 29. Bf2 Bc7 {only after he moved I have realized that} (29...
Nc5 $6 30. Rdc1 $1) 30. Rd3 $1 {All of a sudden the dude has some counterplay
in the game.} f6 31. Rb3 b6 32. Nd4 Ne5 $2 {Long thinking process to produce a
blunder!} ({I did not want to make a draw after} 32... Nc5 33. Rc3 Be5 34. Nxc6
$1 Bxc3 35. Nxd8 Bxb2 36. Bc4+ Kh7 37. Ra2 Rxd8 38. Bxc5 bxc5 39. Rxb2 $11) 33.
Nxc6 $1 {Missed that shot} ({I was calculating only} 33. f4 $2 Bf7 34. Rc3 (34.
fxe5 $2 Rxd4 35. Bxd4 Bxb3 36. exf6 Rxe4 $19) 34... Ng4 35. Nxc6 Rd2 36. Bg3
Bd6 $40) 33... Nxc6 34. Rc3 Be5 ({Why not to go for opposite colored bishops?} 
34... Rc8 $142 35. Rxc6 (35. Rac1 $2 Bf4 36. R1c2 Ne7 $19) 35... Bh2+ 36. Kxh2
Rxc6 37. Bb5 Rd6 38. Bxe8 Bxe8 $14) (34... Re6 $2 35. Bc4 Rdd6 36. Bg3 $18) 35.
Rxc6 Rd2 36. Rb1 $6 {Not the most exact.} (36. Bxb6 $142 $18) 36... Bxb2 37.
Rxb6 Ba3 38. Rb8 Rxb8 39. Rxb8+ Kh7 40. Be3 Rc2 41. Bd3 Rc3 42. Rd8 $16 {
Whites advantage is clear!Now I have to be careful about tactics connected
with e4-e5 thrust.} Be7 43. Rd7 Bb4 44. Kf2 Ra3 ({very deceptive is} 44... Be8
$6 45. e5+ $1 (45. Rd8 $2 Bxa4 46. e5+ Rxd3 47. Rxd3 Bc2 48. Rd7 fxe5 49. Rd5
a4 50. Rxe5 Bg6 $44) 45... Bg6 46. Bxg6+ Kxg6 47. exf6 $1 gxf6 48. g4 Ra3 49.
Rd5 $1 $18 {and black majesty is under serious danger.}) 45. Bb5 Ra2+ 46. Kg3
Be8 (46... Be1+ 47. Kh3 f5 48. Bd4 fxe4 49. Rxg7+ Kh6 50. Rc7 Bf5+ 51. g4 hxg4+
52. fxg4 Ra3+ 53. Kg2 Bxg4 54. Bg7+ Kg6 55. Be8+ Kf5 56. Bd7+ Kf4 57. Bh6+ Ke5
58. Bxg4 Bxh4 59. Bd7 $18) 47. Ra7 Bxb5 48. axb5 a4 (48... Bd6+ 49. Bf4 (49. f4
Ra3) 49... Bc5 50. Ra6 a4 51. b6 Rb2 52. Bc7 a3 53. Ra5 Bf2+ 54. Kh3 Bxb6 55.
Bxb6 Rxb6 56. Rxh5+ Kg6 57. Ra5 $18) 49. b6 Bd6+ 50. Bf4 $2 $138 {While we
were getting low on time Zlatko blunders.} (50. f4 a3 51. Bd4 $18 {gives white
a huge edge.}) 50... Bxf4+ (50... Bc5 51. Bc7 Rb2 52. Rxa4 Bxb6 53. Bxb6 Rxb6
$14) 51. Kxf4 Rb2 $11 ({Low on time I could not figure out which one to go for.
} 51... Rxg2 52. Rxa4 Rb2 53. Ra6 Rb5 54. Kg3 (54. Ke3 g5 55. hxg5 fxg5 56.
Ra7+ Kg6 57. b7 h4 $132) 54... Rb3 $132 (54... g5 $2 55. b7 Kg7 56. Ra7 Kg6 57.
hxg5 fxg5 58. Ra6+ Kg7 59. Ra5 h4+ 60. Kg4 Rxb7 61. Rxg5+ $18)) 52. b7 Kg6 (
52... a3 53. Kf5 (53. g4 hxg4 54. fxg4 a2) 53... Rb5+ 54. Ke6 a2 55. Rxa2 Rb6+
56. Kd5 Rxb7 57. f4 Kg6 58. e5 fxe5 59. fxe5 Kf7 {should be a draw.} 60. Ra6 (
60. Kd6 Rb6+ 61. Kc7 Rb5 $11) 60... Ke7 $11) 53. g4 hxg4 (53... a3 $2 54. gxh5+
(54. Rxa3 Rxb7) 54... Kxh5 55. Kf5 Kxh4 56. f4 (56. Kg6 $2 Kg3 $11) 56... Rb6
57. e5 (57. Rxa3 Rxb7 58. Ra1 $18) 57... g6+ 58. Ke4 fxe5 59. fxe5 g5 60. Kf5
a2 61. Ra4+ Kh3 62. Kxg5 $18) 54. fxg4 a3 55. h5+ Kh7 56. g5 {Here comes the
bad blunder.} fxg5+ $2 ({The draw should be achieved by} 56... a2 57. gxf6 Rxb7
58. Rxa2 gxf6 59. Kf5 Kg7 60. h6+ (60. Rg2+ Kf7) 60... Kxh6 61. Kxf6 (61. Rg2
Rb6 62. Rg6+ Kh7 63. Rxf6 Rb1 64. e5 Kg7 $11) 61... Rb6+ $11) 57. Kxg5 a2 58.
Rxa2 Rxb7 59. e5 Kg8 {the most logical move.} (59... Rb1 60. Kf5 $18 (60. e6
Rb5+ (60... Re1 61. Kf5 Kh6 62. Rg2 $18) 61. Kf4 g5+ 62. Ke4 Kg7 63. e7 Kf7 64.
h6 Rb8 65. Kf5 $18)) 60. e6 Kf8 {Low on time white also goes wrong.} 61. Kg6 $2
$11 ({White could have won beautifully.} 61. Rf2+ Ke8 62. Kg6 Rc7 63. Rd2 $1
Rc5 (63... Ra7 64. Rd7 $18) 64. Rd7 Re5 65. Ra7 $1 (65. Rxg7 Rxe6+) 65... Kf8
66. e7+ Ke8 67. h6 $3 $18) 61... Ke7 $4 {This is an incredible blunder!I have
botched out another rook endgame!} ({One should not have to be a genius to find
} 61... Rb1 $1 62. Ra5 (62. Rg2 Re1 $11) (62. Ra8+ Ke7 63. Kxg7 Rg1+ $11) (62.
Rf2+ Ke7 63. Rg2 Kxe6 (63... Rb5 $2 64. Rg5 Rb1 65. Kxg7 Kxe6 66. h6 Rb7+ 67.
Kg6 $1 $18) 64. Kxg7 Kf5 $3 {the difference with the other line.} 65. h6 Rb7+
66. Kh8 Rb6 67. Kh7 Rb7+ 68. Rg7 Rb6 $1 69. Rg8 Rc6 $11) 62... Re1 63. Kh7 Rg1
(63... Rxe6 $2 64. Rf5+ Rf6 65. h6 $18) 64. Kh8 (64. Re5 Ke7) 64... Ke7 65. Re5
Rg2 $11) 62. Kxg7 Kxe6+ 63. Kg6 $1 $18 {The game became a trivial win for
white.} Ke7 (63... Rb1 64. Rg2 Rb8 65. Re2+ Kd6 66. h6 $18) 64. h6 Rb1 65. Ra7+
Ke6 (65... Ke8 66. Ra8+ Ke7 67. h7 $18) 66. h7 Rg1+ 67. Kh6 Rh1+ 68. Kg7 Rg1+
69. Kf8 {Time to resign!} (69. Kf8 Rf1+ 70. Kg8 Rg1+ 71. Rg7 $18) 1-0

[Event "EU-Cup 16th"]
[Site "Neum"]
[Date "2000.09.29"]
[Round "6.6"]
[White "Atalik, Suat"]
[Black "Teske, Henrik"]
[Result "1-0"]
[WhiteElo "2549"]
[BlackElo "2463"]
[Annotator "Atalik,S"]
[PlyCount "83"]
[EventDate "2000.09.24"]
[EventType "team-swiss"]
[EventRounds "7"]
[EventCountry "BIH"]
[SourceTitle "CBM 080"]
[Source "ChessBase"]
[SourceDate "2001.01.25"]
[SourceVersion "1"]
[SourceVersionDate "2001.01.25"]
[SourceQuality "1"]
[WhiteTeam "Sarajevo Bosna"]
[BlackTeam "Graz Merkur"]
[WhiteTeamCountry "BIH"]
[BlackTeamCountry "AUT"]

1. d4 d5 2. c4 c6 3. Nf3 dxc4 4. e3 Be6 $5 5. Nc3 b5 6. a4 b4 7. Ne4 Nf6 8.
Ned2 c3 9. bxc3 bxc3 10. Nb1 $5 $146 g6 (10... Qa5 11. Qc2 Nd5 12. Ba3 (12. Ra3
Nb4 (12... Na6 13. Bxa6 Qxa6 14. e4 Nb4 15. Qxc3 Rb8 16. Nbd2 Na2 17. Qc5 Nxc1
18. Qxc1 Bg4 19. Rc3 $40) 13. Qxc3 Bf5 14. Nbd2 e5 15. e4 exd4 16. Nxd4 Qc5 17.
Nxf5 Nc2+ 18. Kd1 Nxa3 19. Nxg7+ Kd7 20. Bb2 Qxc3 21. Bxc3 Rg8 22. Nf5 $44)
12... Na6 13. Bxa6 Qxa6 14. Nxc3 Qa5 15. Rc1 $13) 11. Nxc3 Bg7 (11... a5 $2 12.
Ng5) 12. Be2 (12. a5 $6 O-O 13. Be2 c5) 12... O-O 13. O-O Nd5 (13... c5 $6 14.
Ba3) 14. Nxd5 $1 Bxd5 $6 (14... cxd5 15. a5 Nc6 16. Qa4 Bd7 17. Qa3 $13) 15.
Qc2 Nd7 16. e4 Be6 17. Rb1 $1 (17. Qxc6 $2 Rc8 18. Qb5 Nc5) 17... Bg4 18. Rd1
Rb8 19. Rxb8 Nxb8 $8 (19... Qxb8 $2 20. Ba3 (20. Qxc6 {may well be enough.})
20... Re8 21. Qxc6 Qb3 $140 $2 22. Nd2 $18) 20. Bf4 $5 (20. Ba3 $16) 20... Qa5
21. h3 $1 (21. Bxb8 $2 Rxb8 22. Qxc6 Bxf3 23. gxf3 Qg5+ $36) 21... Bxf3 22.
Bxf3 Rd8 23. e5 $1 (23. Rb1 Na6) (23. d5 $6 cxd5 24. exd5 (24. Bc7 Rc8) 24...
Nd7 $11) 23... e6 24. h4 Rc8 (24... h5 25. Be4 $1 $40 (25. g4 hxg4 26. Bxg4 Nd7
27. h5 gxh5 28. Bxh5 Nb6 $132)) 25. h5 $1 (25. d5 $6 exd5 26. Rxd5 Qe1+ 27. Kh2
Re8 28. Qd2 Qxd2 29. Rxd2 h6 $14) 25... Nd7 (25... Na6 26. Qc4 $1) 26. h6 Bf8
$2 (26... Bh8 27. d5 exd5 28. Bg4 Qc7 29. e6 Qxf4 30. exd7 Rd8 31. Qxc6 Be5 (
31... Qxg4 $2 32. Re1 $18) 32. Qxd5 Qxg4 33. Re1 Qxd7 34. Qxe5 $16) 27. d5 Qc5
$2 (27... exd5 28. Bxd5 Nc5 29. Ba2 (29. Bxf7+ $2 Kxf7 30. Qc4+ Ne6 31. Rd7+
Be7 $19) 29... Qb4 30. Be3 $16) 28. Qxc5 Nxc5 29. dxc6 Nxa4 30. Ra1 Nc5 31.
Rxa7 Nd3 32. Bg3 $8 Bxh6 33. c7 Kg7 34. Bc6 Nc5 35. f4 $18 g5 36. Bf2 Na6 37.
Rxa6 Rxc7 38. g4 $1 gxf4 39. Bh4 Kg8 40. Kf2 Bf8 41. Kf3 Kg7 42. Bf6+ 1-0

[Event "ROM-chT"]
[Site "Sovata"]
[Date "2000.04.14"]
[Round "2"]
[White "Atalik, Suat"]
[Black "Najer, Evgeniy"]
[Result "1/2-1/2"]
[WhiteElo "2575"]
[BlackElo "2572"]
[Annotator "Atalik,S"]
[PlyCount "89"]
[EventDate "2000.04.13"]
[EventType "team"]
[EventRounds "5"]
[EventCountry "ROU"]
[SourceTitle "EXT 2003"]
[Source "ChessBase"]
[SourceDate "2002.11.25"]
[SourceVersion "1"]
[SourceVersionDate "2002.11.25"]
[SourceQuality "1"]

1. d4 d5 2. c4 dxc4 3. e3 Be6 $5 4. Nf3 c6 5. a4 $6 (5. Nbd2 b5 6. Ng5 $44 (6.
a4 Qa5 7. Qc2 Nf6 8. Be2 $44)) (5. Nc3 b5 6. a4 b4 7. Nb1 Nf6 8. Nbd2 c3 9.
bxc3 bxc3 10. Nb1 Qa5 11. Qc2 Nd5 12. Ra3 Nb4 13. Qxc3 $14) 5... Nf6 6. Nbd2
Na6 7. Bxc4 (7. Nxc4 g6 8. Be2 Bg7 9. O-O O-O $11) 7... Bxc4 8. Nxc4 e6 $11 9.
O-O Bb4 $5 10. Nce5 O-O 11. Nd3 c5 12. Nxb4 Nxb4 13. Bd2 Na6 14. Bc3 Ne4 15.
Qb1 Qd5 16. Rd1 Rfd8 17. Nd2 Nxc3 18. bxc3 Rac8 19. e4 Qc6 20. Nf3 cxd4 21.
cxd4 b6 $1 22. h3 h6 23. Rd2 Nb8 24. Ne5 Qc7 25. a5 $1 bxa5 26. Qa2 Rd6 $1 27.
d5 $1 Qc3 28. Nf3 exd5 29. exd5 Qc5 30. Rdd1 Rcd8 31. Qxa5 Qxa5 32. Rxa5 Nc6
33. Ra6 Nb4 (33... Ne5 34. Rxa7 Nxf3+ 35. gxf3 Rxd5 36. Rxd5 Rxd5 $11) 34. Rxa7
Rxd5 35. Rxd5 Rxd5 36. Ra4 Rd1+ 37. Kh2 Nd3 38. Kg3 Rf1 39. Ra2 f5 40. Rd2 $5 (
40. Nh4 f4+ 41. Kf3 g5 42. Nf5 Kh7 $11) 40... Nxf2 41. Kf4 Kh7 $1 42. Kxf5 Nxh3
43. gxh3 Rxf3+ 44. Kg4 $11 Ra3 45. Rd6 1/2-1/2